| 000 | 00812nam a2200241Ia 4500 | ||
|---|---|---|---|
| 008 | 100315s9999 xx 000 0 und d | ||
| 020 | _a8176492728 | ||
| 040 | _cENGLISH | ||
| 082 |
_b8171 _a658.3 |
||
| 100 | _a"Sharma, V.K. " | ||
| 245 | _aHuman Resource Management : Evaluation and the Challenges Ahead | ||
| 260 |
_aNEW DELHI _bVIVA _c2002 |
||
| 300 | _a"xii,142 " | ||
| 365 |
_eRupees _d1 _b0.00 |
||
| 366 | _f0 | ||
| 505 | _gVaibhav Gaikwad | ||
| 530 | _bDonated By RBI Library | ||
| 620 | _a"Human Resource Management, Performance Management " | ||
| 630 | _aHuman Resource Management : Evaluation and the Challenges Ahead | ||
| 650 | _aHUMAN RESOURCE MANAGEMENT | ||
| 730 | _aHuman Resource Management : Evaluation and the Challenges Ahead | ||
| 942 | _cBOOK | ||
| 999 |
_c482906 _d482903 |
||